| Tag |
First Indicator |
Second Indicator |
Subfields |
| LEADER |
00000cam a2200000 a 4500 |
| 001 |
in00005770163 |
| 005 |
20260327172918.6 |
| 006 |
m o d |
| 007 |
cr n ||| |
| 008 |
891130t19901990caua ob 001 0 eng d |
| 010 |
|
|
|z 89018503
|
| 040 |
|
|
|a COA
|b eng
|e rda
|c COA
|d OCLCF
|d OCLCQ
|d OCLCO
|d OCLCQ
|d OCLCL
|
| 020 |
|
|
|a 0122895150
|
| 020 |
|
|
|a 9780122895159
|
| 024 |
8 |
|
|a (WaSeSS)ssj0001047274
|
| 035 |
|
|
|a (OCoLC)1340067933
|
| 050 |
1 |
0 |
|a RA1220.5
|b .G65 1990
|
| 082 |
0 |
4 |
|a 615/.704
|2 20
|
| 049 |
|
|
|a TXAM
|
| 100 |
1 |
|
|a Goldstein, Robin S.
|
| 240 |
1 |
0 |
|a Toxic interactions (Online)
|
| 245 |
1 |
0 |
|a Toxic interactions /
|c edited by Robin S. Goldstein, William R. Hewitt, Jerry B. Hook.
|
| 264 |
|
1 |
|a San Diego :
|b Academic Press,
|c [1990]
|
| 264 |
|
4 |
|c ©1990.
|
| 300 |
|
|
|a 1 online resource (xiv, 488 pages :)
|b illustrations
|
| 336 |
|
|
|a text
|b txt
|2 rdacontent
|
| 337 |
|
|
|a computer
|b c
|2 rdamedia
|
| 338 |
|
|
|a online resource
|b cr
|2 rdacarrier
|
| 347 |
|
|
|a text file
|2 rdaft
|0 http://rdaregistry.info/termList/fileType/1002.
|
| 504 |
|
|
|a Includes bibliographical references and index.
|
| 650 |
|
0 |
|a Toxicological interactions.
|
| 650 |
|
6 |
|a Interactions toxiques.
|
| 650 |
|
7 |
|a Toxicological interactions
|2 fast
|
| 655 |
|
7 |
|a Electronic books.
|2 local
|
| 700 |
1 |
|
|a Hewitt, William R.
|
| 700 |
1 |
|
|a Hook, Jerry B.
|
| 710 |
2 |
|
|a ScienceDirect (Online service)
|
| 856 |
4 |
0 |
|u http://proxy.library.tamu.edu/login?url=https://www.sciencedirect.com/science/book/9780122895159
|z Connect to the full text of this electronic book
|t 0
|
| 936 |
|
|
|a BATCHLOAD
|
| 955 |
|
|
|a Elsevier ScienceDirect 2026-2027
|
| 994 |
|
|
|a 92
|b TXA
|
| 999 |
f |
f |
|i 950681f3-41d9-4ae3-becf-5b152823c107
|s a644be6b-2d2a-4cff-bd22-e854d1388615
|t 0
|
| 952 |
f |
f |
|a Texas A&M University
|b College Station
|c Electronic Resources
|s www_evans
|d Available Online
|t 0
|e RA1220.5 .G65 1990
|h Library of Congress classification
|
| 998 |
f |
f |
|a RA1220.5 .G65 1990
|t 0
|l Available Online
|